[Event "29th Reggio Emilia it"]
[Site "Reggio Emilia ITA"]
[Date "1986.??.??"]
[Round "10"]
[White "Velimirovic, Dragoljub"]
[Black "Portisch, Lajos"]
[Result "1/2-1/2"]
[WhiteElo "2570"]
[BlackElo "2605"]
[EventDate "1986.12.27"]
[PlyCount "67"]

1.e4 e6 2.d4 d5 3.Nc3 Bb4 4.e5 b6 5.a3 Bf8 6.b4 c5 7.bxc5 bxc5 8.dxc5 Qc7 
9.Nb5 Qc6 10.Be3 a6 11.Nd4 Qc7 12.f4 Bxc5 13.Ngf3 Ne7 14.Bd3 Bd7 15.O-O 
Nbc6 16.c3 Na5 17.Kh1 Nc4 18.Bc1 g6 19.Ra2 Rc8 20.g4 h5 21.f5 hxg4 22.fxe6
fxe6 23.Ng5 Bxd4 24.cxd4 Nf5 25.Qxg4 Nxe5 26.dxe5 Qxc1 27.Ne4 Qe3 28.Nd6+ 
Nxd6 29.Qxg6+ Kd8 30.exd6 Qe5 31.Re2 Qxd6 32.Qf6+ Kc7 33.Rb1 Bc6 34.Qg7+ 
1/2-1/2

[Event "29th Reggio Emilia it"]
[Site "Reggio Emilia ITA"]
[Date "1986.??.??"]
[Round "11"]
[White "Andersson, Ulf"]
[Black "Ribli, Zoltan"]
[Result "1/2-1/2"]
[WhiteElo "2600"]
[BlackElo "2585"]
[EventDate "1986.12.27"]
[PlyCount "77"]

1.d4 Nf6 2.Nf3 e6 3.g3 b5 4.Bg5 Bb7 5.Nbd2 c5 6.c3 cxd4 7.cxd4 Be7 8.Bg2 
d6 9.Bxf6 Bxf6 10.O-O Nd7 11.e3 O-O 12.Ne1 Qb6 13.Bxb7 Qxb7 14.Qf3 Qxf3 
15.Nexf3 Nb6 16.Rfc1 Rfc8 17.Ne1 Kf8 18.Nd3 Ke8 19.Kf1 Kd7 20.Ne4 Bd8 21.
Ke2 Rc4 22.b3 Rcc8 23.Nc3 a6 24.a4 bxa4 25.Nxa4 Nxa4 26.Rxc8 Rxc8 27.Rxa4 
a5 28.Kd2 Bb6 29.Nb2 Bc7 30.Nc4 Rb8 31.Kc3 Rb5 32.Ra2 f6 33.Nb2 g6 34.Nd3 
Kc6 35.b4 d5 36.Kb3 Rb8 37.Ka4 axb4 38.Nxb4+ Kd7 39.Nd3 1/2-1/2

[Event "29th Reggio Emilia it"]
[Site "Reggio Emilia ITA"]
[Date "1986.??.??"]
[Round "11"]
[White "Chernin, Alexander"]
[Black "Velimirovic, Dragoljub"]
[Result "1/2-1/2"]
[WhiteElo "2565"]
[BlackElo "2570"]
[EventDate "1986.12.27"]
[PlyCount "24"]

1.d4 Nf6 2.Nf3 g6 3.Bg5 Bg7 4.Nbd2 d5 5.c3 c6 6.e3 O-O 7.Be2 Bg4 8.O-O 
Nbd7 9.h3 Bxf3 10.Bxf3 h6 11.Bh4 e5 12.Be2 Re8 1/2-1/2

[Event "29th Reggio Emilia it"]
[Site "Reggio Emilia ITA"]
[Date "1986.??.??"]
[Round "11"]
[White "Nogueiras Santiago, Jesus"]
[Black "Van der Wiel, John"]
[Result "1/2-1/2"]
[WhiteElo "2570"]
[BlackElo "2570"]
[EventDate "1986.12.27"]
[PlyCount "59"]

1.d4 Nf6 2.c4 e6 3.g3 c5 4.Nf3 cxd4 5.Nxd4 Qc7 6.Nd2 b6 7.Bg2 Bb7 8.Nb5 
Qc8 9.Bxb7 Qxb7 10.Nf3 Ne4 11.O-O a6 12.Nc3 Nxc3 13.bxc3 Bc5 14.Qd3 O-O 
15.Be3 Bxe3 16.Qxe3 d5 17.cxd5 exd5 18.Rfd1 Nd7 19.Nh4 Rfe8 20.Qd2 Nc5 21.
Nf5 Re5 22.g4 Rae8 23.Nd6 Qd7 24.Nxe8 Qxg4+ 25.Kh1 Ne4 26.Nf6+ Nxf6 27.f3 
Qe6 28.Re1 Re3 29.Rad1 Ne4 30.fxe4 1/2-1/2

[Event "29th Reggio Emilia it"]
[Site "Reggio Emilia ITA"]
[Date "1986.??.??"]
[Round "11"]
[White "Spassky, Boris"]
[Black "Hort, Vlastimil"]
[Result "1/2-1/2"]
[WhiteElo "2620"]
[BlackElo "2545"]
[EventDate "1986.12.27"]
[PlyCount "29"]

1.e4 e5 2.Nc3 Nc6 3.Nf3 Nf6 4.Bb5 Bb4 5.O-O O-O 6.d3 Bxc3 7.bxc3 d6 8.Bxc6
bxc6 9.Rb1 h6 10.c4 c5 11.Ne1 Bg4 12.f3 Be6 13.f4 exf4 14.Bxf4 Nd7 15.Nf3 
1/2-1/2